| 000 | 01227nam a22002537a 4500 | ||
|---|---|---|---|
| 005 | 20090518134948.0 | ||
| 008 | 090518t xxu||||| |||| 00| 0 hin d | ||
| 010 | _aHIN-86532 | ||
| 020 |
_a8189914618 _c155.00 |
||
| 035 | _aHN-58878 | ||
| 037 | _bDBAD / PUB | ||
| 040 |
_adpl _bhn |
||
| 082 | _a921 | ||
| 100 | _aसनाढ्य, तोताराम | ||
| 245 |
_aफिजीद्वीप में मेरे 21 वर्ष / _cतोताराम सनाढ्य |
||
| 246 |
_aFijeedvip men mere 21 Varsha _bby Totaram Sanadhay |
||
| 260 |
_aगाजियाबाद _bरेमाधव पब्लिकेशन्स _c2009 |
||
| 270 |
_aसी-22, तृतीय तल, आर.डी.सी., राजनगर _bगाजियाबाद _e201002 _mcontact@remadhav.com |
||
| 300 |
_a127 पृ. _c22सेमी (सजिल्द) |
||
| 600 |
_aसनाढ्य, तोताराम _xस्मृति |
||
| 600 |
_aSanadhya, Totaram _xMemory |
||
| 942 |
_2ddc _cHN _mसनाढ्य _h921 |
||
| 999 |
_c26524 _d26524 |
||